[Event "Göteborg Open 2015"]
[Site "Biblioteksgatan 2, Mölnlycke, Sweden"]
[Date "2015.08.14"]
[Round "3.4"]
[White "Wiedenkeller, Michael"]
[Black "Wengholm, Anders"]
[Result "1-0"]
[BlackElo "2193"]
[WhiteElo "2453"]
[LiveChessVersion "1.4.6"]

1. d4 {[%clk 0:15:02]} Nf6 {[%clk 0:15:09]} 2. c4 {[%clk 0:15:06]} c5
{[%clk 0:15:13]} 3. d5 {[%clk 0:15:10]} e6 {[%clk 0:15:17]} 4. Nc3
{[%clk 0:15:13]} exd5 {[%clk 0:15:21]} 5. cxd5 {[%clk 0:15:17]} Bd6
{[%clk 0:15:25]} 6. g3 {[%clk 0:15:19]} a6 {[%clk 0:15:26]} 7. a4
{[%clk 0:15:10]} Qe7 {[%clk 0:15:30]} 8. Bg2 {[%clk 0:15:11]} Bc7
{[%clk 0:15:32]} 9. Nf3 {[%clk 0:15:05]} d6 {[%clk 0:15:36]} 10. O-O
{[%clk 0:15:07]} Nbd7 {[%clk 0:15:39]} 11. h3 {[%clk 0:15:07]} Nf8
{[%clk 0:15:30]} 12. Nd2 {[%clk 0:15:07]} Ng6 {[%clk 0:13:49]} 13. a5
{[%clk 0:15:11]} O-O {[%clk 0:13:51]} 14. Nc4 {[%clk 0:15:15]} Rd8
{[%clk 0:13:55]} 15. f4 {[%clk 0:15:07]} h6 {[%clk 0:13:31]} 16. e4
{[%clk 0:15:03]} Rb8 {[%clk 0:13:19]} 17. Kh2 {[%clk 0:14:54]} Bd7
{[%clk 0:10:51]} 18. b3 {[%clk 0:14:46]} Bb5 {[%clk 0:10:53]} 19. Qd3
{[%clk 0:14:36]} Re8 {[%clk 0:10:15]} 20. Bd2 {[%clk 0:14:12]} Qd8
{[%clk 0:10:12]} 21. Nd1 {[%clk 0:13:58]} Bxc4 {[%clk 0:08:54]} 22. bxc4
{[%clk 0:14:00]} b5 {[%clk 0:08:04]} 23. axb6 {[%clk 0:13:55]} Rxb6
{[%clk 0:08:08]} 24. Ba5 {[%clk 0:13:34]} Rb7 {[%clk 0:08:09]} 25. Bxc7
{[%clk 0:13:33]} Qxc7 {[%clk 0:08:12]} 26. Rxa6 {[%clk 0:13:35]} Nd7
{[%clk 0:07:43]} 27. Nc3 {[%clk 0:11:34]} Rb6 {[%clk 0:04:31]} 28. Nb5
{[%clk 0:11:17]} Qb8 {[%clk 0:04:34]} 29. Ra5 {[%clk 0:10:51]} h5
{[%clk 0:04:32]} 30. Qf3 {[%clk 0:09:47]} Nf6 {[%clk 0:04:09]} 31. Rfa1
{[%clk 0:09:43]} Qd8 {[%clk 0:03:00]} 32. Re1 {[%clk 0:08:01]} Rb8
{[%clk 0:01:40]} 33. Ra6 {[%clk 0:07:19]} Rb6 {[%clk 0:01:44]} 34. Ra2
{[%clk 0:07:23]} Qb8 {[%clk 0:01:27]} 35. Rae2 {[%clk 0:07:19]} Ra6
{[%clk 0:01:28]} 36. g4 {[%clk 0:05:31]} Nh4 {[%clk 0:01:18]} 37. Qg3
{[%clk 0:05:34]} Nxg2 {[%clk 0:01:21]} 38. Kxg2 {[%clk 0:05:32]} Ra4
{[%clk 0:01:03]} 39. g5 {[%clk 0:05:28]} Nd7 {[%clk 0:00:53]} 40. e5
{[%clk 0:04:28]} dxe5 {[%clk 0:00:32]} 41. fxe5 {[%clk 0:04:32]} h4
{[%clk 0:00:22]} 42. Qc3 {[%clk 0:04:02]} 1-0

[Event "Göteborg Open 2015"]
[Site "Biblioteksgatan 2, Mölnlycke, Sweden"]
[Date "2015.08.14"]
[Round "3.5"]
[White "Ask, Josef"]
[Black "Zelbel, Patrick"]
[Result "0-1"]
[BlackElo "2450"]
[WhiteElo "2166"]
[LiveChessVersion "1.4.6"]

1. e4 {[%clk 0:15:09]} e5 {[%clk 0:15:09]} 2. Nc3 {[%clk 0:15:12]} Nf6
{[%clk 0:15:13]} 3. g3 {[%clk 0:15:16]} Bc5 {[%clk 0:15:03]} 4. Bg2
{[%clk 0:15:15]} Nc6 {[%clk 0:14:29]} 5. Nf3 {[%clk 0:15:11]} a6 {[%clk 0:13:45]}
6. Nxe5 {[%clk 0:14:49]} Nxe5 {[%clk 0:12:19]} 7. d4 {[%clk 0:14:51]} Bd6
{[%clk 0:12:14]} 8. dxe5 {[%clk 0:14:51]} Bxe5 {[%clk 0:12:18]} 9. Qd3
{[%clk 0:14:34]} c6 {[%clk 0:11:33]} 10. f4 {[%clk 0:14:23]} Bxc3+
{[%clk 0:11:23]} 11. Qxc3 {[%clk 0:14:20]} d5 {[%clk 0:11:20]} 12. exd5
{[%clk 0:13:59]} cxd5 {[%clk 0:11:17]} 13. O-O {[%clk 0:13:35]} O-O
{[%clk 0:11:20]} 14. Be3 {[%clk 0:13:31]} Bf5 {[%clk 0:11:10]} 15. Qb3
{[%clk 0:12:03]} Rc8 {[%clk 0:10:16]} 16. c3 {[%clk 0:12:01]} Qd7
{[%clk 0:09:48]} 17. Bd4 {[%clk 0:11:52]} Ne4 {[%clk 0:09:50]} 18. Rad1
{[%clk 0:11:47]} Qc6 {[%clk 0:07:30]} 19. Rfe1 {[%clk 0:11:03]} Rfe8
{[%clk 0:07:18]} 20. Qb6 {[%clk 0:09:53]} h5 {[%clk 0:06:47]} 21. Bf3
{[%clk 0:09:30]} Bg4 {[%clk 0:06:21]} 22. Bxg4 {[%clk 0:09:09]} hxg4
{[%clk 0:06:25]} 23. Kg2 {[%clk 0:08:39]} Re6 {[%clk 0:05:35]} 24. Qxc6
{[%clk 0:08:23]} bxc6 {[%clk 0:05:39]} 25. b4 {[%clk 0:08:01]} Nd6
{[%clk 0:05:20]} 26. Bc5 {[%clk 0:07:47]} Ne4 {[%clk 0:04:57]} 27. Bd4
{[%clk 0:07:47]} g6 {[%clk 0:04:40]} 28. Re3 {[%clk 0:07:27]} Rce8
{[%clk 0:03:42]} 29. Rde1 {[%clk 0:06:59]} f6 {[%clk 0:03:31]} 30. a4
{[%clk 0:06:51]} Kf7 {[%clk 0:03:33]} 31. a5 {[%clk 0:06:19]} Nd2
{[%clk 0:02:31]} 32. h3 {[%clk 0:05:24]} Nf3 {[%clk 0:02:01]} 33. Rxe6
{[%clk 0:05:20]} Nxe1+ {[%clk 0:02:02]} 34. Rxe1 {[%clk 0:05:21]} Rxe1
{[%clk 0:02:05]} 35. hxg4 {[%clk 0:05:25]} f5 {[%clk 0:01:45]} 36. g5
{[%clk 0:05:24]} Ke6 {[%clk 0:01:48]} 37. Kf3 {[%clk 0:05:27]} Kd7
{[%clk 0:01:15]} 38. Kf2 {[%clk 0:05:18]} Rh1 {[%clk 0:01:18]} 39. Kg2
{[%clk 0:05:20]} Rc1 {[%clk 0:01:22]} 40. Kf3 {[%clk 0:05:13]} c5
{[%clk 0:01:26]} 41. bxc5 {[%clk 0:05:08]} Ra1 {[%clk 0:01:19]} 42. g4
{[%clk 0:05:03]} fxg4+ {[%clk 0:00:13]} 43. Kxg4 {[%clk 0:05:07]} Ke6
{[%clk 0:00:10]} 44. f5+ {[%clk 0:04:51]} gxf5+ {[%clk 0:00:14]} 45. Kf4
{[%clk 0:04:56]} Ra4 {[%clk 0:00:07]} 46. g6 {[%clk 0:04:49]} Rxa5 47. g7
{[%clk 0:04:50]} Kf7 {[%clk 0:00:14]} 48. Kxf5 {[%clk 0:04:35]} Rb5
{[%clk 0:00:12]} 49. c6 Rb8 50. Be5 {[%clk 0:04:11]} Rc8 {[%clk 0:00:20]} 51. c7
a5 52. Bd4 {[%clk 0:03:51]} Rxc7 {[%clk 0:00:20]} 53. Ke5 {[%clk 0:03:52]} Rd7
{[%clk 0:00:22]} 54. Kf4 {[%clk 0:03:05]} a4 {[%clk 0:00:23]} 55. Bc5
{[%clk 0:02:27]} Kxg7 {[%clk 0:00:27]} 56. Ke3 {[%clk 0:02:14]} Kf6
{[%clk 0:00:29]} 57. Kd3 {[%clk 0:02:19]} Ke5 {[%clk 0:00:28]} 58. Bd4+
{[%clk 0:02:13]} Kd6 {[%clk 0:00:27]} 59. Kc2 {[%clk 0:02:17]} Rb7
{[%clk 0:00:30]} 60. Kd3 {[%clk 0:01:30]} a3 {[%clk 0:00:35]} 61. c4 dxc4+
{[%clk 0:00:28]} 62. Kxc4 {[%clk 0:01:38]} a2 {[%clk 0:00:31]} 0-1

[Event "Göteborg Open 2015"]
[Site "Biblioteksgatan 2, Mölnlycke, Sweden"]
[Date "2015.08.14"]
[Round "3.6"]
[White "Fries-Nielsen, Jens Ove"]
[Black "Johansen, Paul"]
[Result "1-0"]
[BlackElo "2161"]
[WhiteElo "2434"]
[LiveChessVersion "1.4.6"]

1. d4 {[%clk 0:15:06]} Nf6 {[%clk 0:15:09]} 2. Nc3 {[%clk 0:15:04]} e6
{[%clk 0:15:09]} 3. a3 {[%clk 0:14:58]} c5 {[%clk 0:15:05]} 4. d5
{[%clk 0:15:00]} exd5 {[%clk 0:13:59]} 5. Nxd5 {[%clk 0:14:55]} Nxd5
{[%clk 0:14:01]} 6. Qxd5 {[%clk 0:14:53]} Qf6 {[%clk 0:13:28]} 7. Nf3
{[%clk 0:14:46]} Nc6 {[%clk 0:12:52]} 8. e4 {[%clk 0:14:20]} d6 {[%clk 0:12:46]}
9. Bb5 {[%clk 0:13:43]} Bd7 {[%clk 0:12:33]} 10. O-O {[%clk 0:13:36]} a6
{[%clk 0:11:47]} 11. Bxc6 {[%clk 0:13:21]} Bxc6 {[%clk 0:11:19]} 12. Qd3
{[%clk 0:13:07]} h6 {[%clk 0:11:00]} 13. Bd2 {[%clk 0:12:41]} Qe6
{[%clk 0:10:52]} 14. Rfe1 {[%clk 0:12:35]} O-O-O {[%clk 0:10:18]} 15. Bc3
{[%clk 0:11:58]} Rg8 {[%clk 0:09:14]} 16. b4 {[%clk 0:11:22]} Be7
{[%clk 0:08:14]} 17. a4 {[%clk 0:11:09]} b5 {[%clk 0:07:11]} 18. axb5
{[%clk 0:10:51]} Bxb5 {[%clk 0:07:15]} 19. Qe3 {[%clk 0:10:24]} g5
{[%clk 0:07:01]} 20. bxc5 {[%clk 0:09:50]} dxc5 {[%clk 0:07:02]} 21. Nd2
{[%clk 0:09:43]} h5 {[%clk 0:05:46]} 22. Nb3 {[%clk 0:09:12]} Qc6
{[%clk 0:03:38]} 23. Bb2 {[%clk 0:08:34]} g4 {[%clk 0:03:25]} 24. Na5
{[%clk 0:08:27]} Qc7 {[%clk 0:03:18]} 25. e5 {[%clk 0:08:09]} c4 {[%clk 0:02:28]}
26. Bd4 {[%clk 0:07:21]} Rxd4 {[%clk 0:02:11]} 27. Qxd4 {[%clk 0:07:20]} Bb4
{[%clk 0:02:16]} 28. Qd5 {[%clk 0:05:23]} Bxe1 {[%clk 0:01:31]} 29. Rxe1
{[%clk 0:04:22]} Rd8 {[%clk 0:01:27]} 30. Qa8+ {[%clk 0:04:12]} Qb8
{[%clk 0:01:31]} 31. Qe4 {[%clk 0:04:15]} Qb6 {[%clk 0:01:25]} 32. Nxc4
{[%clk 0:04:00]} Qc6 {[%clk 0:00:30]} 33. Nd6+ {[%clk 0:03:56]} Kb8
{[%clk 0:00:33]} 34. Qe3 {[%clk 0:03:33]} Rd7 {[%clk 0:00:26]} 35. c4
{[%clk 0:03:36]} Bxc4 {[%clk 0:00:23]} 36. Rc1 {[%clk 0:03:20]} f6
{[%clk 0:00:16]} 37. g3 {[%clk 0:02:50]} Rxd6 {[%clk 0:00:20]} 38. exd6
{[%clk 0:02:51]} Qb5 {[%clk 0:00:06]} 39. d7 {[%clk 0:02:43]} Qxd7
{[%clk 0:00:08]} 40. Qf4+ {[%clk 0:02:43]} 1-0

[Event "Göteborg Open 2015"]
[Site "Biblioteksgatan 2, Mölnlycke, Sweden"]
[Date "2015.08.14"]
[Round "3.7"]
[White "Outgajjouft, Said"]
[Black "Braun, Christian"]
[Result "1-0"]
[BlackElo "2420"]
[WhiteElo "2121"]
[LiveChessVersion "1.4.6"]

1. e4 {[%clk 0:15:09]} e6 {[%clk 0:15:09]} 2. d4 {[%clk 0:15:09]} d5
{[%clk 0:15:12]} 3. exd5 {[%clk 0:15:12]} exd5 {[%clk 0:15:16]} 4. Bd3
{[%clk 0:15:12]} Bd6 {[%clk 0:15:19]} 5. Ne2 {[%clk 0:14:42]} Nc6
{[%clk 0:15:21]} 6. c3 {[%clk 0:14:44]} Nge7 {[%clk 0:15:23]} 7. Bf4
{[%clk 0:14:46]} Bg4 {[%clk 0:15:16]} 8. Bxd6 {[%clk 0:13:58]} Qxd6
{[%clk 0:15:19]} 9. Qd2 {[%clk 0:14:01]} O-O-O {[%clk 0:14:58]} 10. Qf4
{[%clk 0:13:07]} Bxe2 {[%clk 0:14:35]} 11. Qxd6 {[%clk 0:13:10]} Rxd6
{[%clk 0:14:38]} 12. Kxe2 {[%clk 0:13:13]} Ng6 {[%clk 0:14:31]} 13. g3
{[%clk 0:12:54]} Re8+ {[%clk 0:14:31]} 14. Kd2 {[%clk 0:12:40]} Rf6
{[%clk 0:14:27]} 15. Rf1 {[%clk 0:12:40]} Nge7 {[%clk 0:14:17]} 16. Na3
{[%clk 0:12:42]} Nf5 {[%clk 0:14:16]} 17. Rae1 {[%clk 0:12:40]} Rxe1
{[%clk 0:14:14]} 18. Kxe1 {[%clk 0:11:54]} Nd6 {[%clk 0:14:12]} 19. f3
{[%clk 0:11:57]} Kd7 {[%clk 0:13:45]} 20. Nc2 {[%clk 0:11:46]} g6
{[%clk 0:13:32]} 21. Ne3 {[%clk 0:11:43]} Ne7 {[%clk 0:13:30]} 22. Kd2
{[%clk 0:11:44]} h5 {[%clk 0:13:29]} 23. Ke2 {[%clk 0:10:36]} c6 {[%clk 0:13:28]}
24. Rf2 {[%clk 0:10:06]} a5 {[%clk 0:13:20]} 25. Kf1 {[%clk 0:10:09]} Re6
{[%clk 0:13:05]} 26. Re2 {[%clk 0:10:11]} b6 {[%clk 0:13:08]} 27. Kf2
{[%clk 0:10:14]} c5 {[%clk 0:13:05]} 28. c4 {[%clk 0:06:16]} cxd4
{[%clk 0:07:15]} 29. Nxd5 {[%clk 0:06:20]} Nxd5 {[%clk 0:07:02]} 30. cxd5
{[%clk 0:06:23]} Rxe2+ {[%clk 0:06:46]} 31. Kxe2 {[%clk 0:06:22]} b5
{[%clk 0:06:01]} 32. b3 {[%clk 0:06:23]} Kc7 {[%clk 0:05:34]} 33. h4
{[%clk 0:02:49]} Kb6 {[%clk 0:05:32]} 34. g4 {[%clk 0:02:50]} Kc5
{[%clk 0:05:28]} 35. gxh5 {[%clk 0:02:39]} gxh5 {[%clk 0:05:31]} 36. f4
{[%clk 0:02:10]} Kxd5 {[%clk 0:05:30]} 37. Kf3 {[%clk 0:01:45]} b4
{[%clk 0:04:10]} 38. Be2 {[%clk 0:01:26]} f5 {[%clk 0:03:27]} 39. Bd3
{[%clk 0:01:13]} Ne4 {[%clk 0:03:30]} 40. Bc4+ {[%clk 0:01:18]} Kc5
{[%clk 0:03:16]} 41. Bf7 {[%clk 0:01:21]} a4 {[%clk 0:02:00]} 42. bxa4
{[%clk 0:01:13]} Nc3 {[%clk 0:02:03]} 43. Bxh5 {[%clk 0:01:07]} Nxa2
{[%clk 0:02:04]} 44. Bf7 {[%clk 0:01:10]} Nc3 {[%clk 0:01:34]} 45. Bb3
{[%clk 0:01:12]} Ne4 {[%clk 0:01:29]} 46. h5 {[%clk 0:00:57]} Nf6
{[%clk 0:00:44]} 47. h6 {[%clk 0:01:00]} Nh7 {[%clk 0:00:44]} 48. Ke2
{[%clk 0:01:01]} Nf6 {[%clk 0:00:41]} 49. Kd3 {[%clk 0:01:05]} Nh7
{[%clk 0:00:42]} 50. Bg8 {[%clk 0:01:09]} Nf6 {[%clk 0:00:34]} 51. h7
{[%clk 0:01:13]} Nxh7 {[%clk 0:00:37]} 52. Bxh7 b3 53. Bxf5 {[%clk 0:01:19]} Kd5
54. Ke4+ 1-0

[Event "Göteborg Open 2015"]
[Site "Biblioteksgatan 2, Mölnlycke, Sweden"]
[Date "2015.08.14"]
[Round "3.9"]
[White "Åkesson, Joel"]
[Black "Uvhagen, Lennart"]
[Result "1/2-1/2"]
[BlackElo "1946"]
[WhiteElo "2264"]
[LiveChessVersion "1.4.6"]

1. g3 d5 2. Nf3 g6 3. Bg2 Bg7 4. O-O Nf6 5. c4 c6 6. b3 Ne4 7. d4 O-O 8. Bb2 Na6
9. e3 Bg4 10. h3 Bxf3 11. Bxf3 Qd7 12. Bg2 Qf5 13. Nd2 Rfd8 14. Nxe4 dxe4 15. Qc2
e5 16. Rad1 exd4 17. Bxe4 Qxh3 18. exd4 Nb4 19. Qb1 Qg4 20. a3 Na6 21. Rfe1 Nc5
22. dxc5 Rxd1 23. Qxd1 Qxd1 24. Rxd1 Bxb2 25. a4 Re8 26. Bf3 Re7 27. b4 Ba3 28.
Rb1 a5 29. bxa5 Bxc5 30. Kf1 f5 31. a6 bxa6 32. Bxc6 Kg7 33. Rb7 1/2-1/2

[Event "Göteborg Open 2015"]
[Site "Biblioteksgatan 2, Mölnlycke, Sweden"]
[Date "2015.08.14"]
[Round "3.10"]
[White "Vagle, Raymond"]
[Black "Johansson, Eva"]
[Result "0-1"]
[BlackElo "1943"]
[WhiteElo "2020"]
[LiveChessVersion "1.4.6"]

1. d4 d5 2. Nc3 Nf6 3. Bg5 e6 4. e3 Be7 5. Nf3 O-O 6. Be2 Nbd7 7. O-O c5 8. Ne5
Nxe5 9. dxe5 Nd7 10. Bxe7 Qxe7 11. f4 a6 12. Bf3 b5 13. Qe1 Bb7 14. Ne2 f6 15.
Qh4 Rae8 16. exf6 Qxf6 17. Qxf6 Nxf6 18. a4 b4 19. c3 bxc3 20. Nxc3 Bc6 21. Rfd1
Rb8 22. Rd2 Rb3 23. Rc1 Rfb8 24. Nd1 c4 25. a5 Kf7 26. g4 h6 27. h4 R3b5 28. Ra1
Nd7 29. e4 dxe4 30. Bxe4 Bxe4 31. Rxd7+ Kg8 32. Rc1 Bd5 33. Ne3 Rxa5 34. Nxd5
Rxd5 35. Ra7 Rxb2 36. Rxa6 Rd4 37. Rxe6 Rxf4 0-1

[Event "Göteborg Open 2015"]
[Site "Biblioteksgatan 2, Mölnlycke, Sweden"]
[Date "2015.08.14"]
[Round "4.1"]
[White "Westerberg, Jonathan"]
[Black "Fries-Nielsen, Jens Ove"]
[Result "1-0"]
[BlackElo "2434"]
[WhiteElo "2464"]
[LiveChessVersion "1.4.6"]

1. e4 {[%clk 0:15:08]} a6 {[%clk 0:15:05]} 2. d4 {[%clk 0:14:45]} b5
{[%clk 0:14:59]} 3. Nf3 {[%clk 0:14:43]} Bb7 {[%clk 0:15:00]} 4. Bd3
{[%clk 0:14:46]} e6 {[%clk 0:15:02]} 5. O-O {[%clk 0:14:38]} d6 {[%clk 0:14:57]}
6. Re1 {[%clk 0:14:36]} Nd7 {[%clk 0:14:59]} 7. c3 {[%clk 0:14:39]} c5
{[%clk 0:14:50]} 8. a4 {[%clk 0:14:36]} c4 {[%clk 0:14:51]} 9. Bc2
{[%clk 0:14:40]} Ne7 {[%clk 0:14:45]} 10. Nbd2 {[%clk 0:14:40]} Ng6
{[%clk 0:14:42]} 11. Nf1 {[%clk 0:14:29]} Be7 {[%clk 0:14:45]} 12. Qe2
{[%clk 0:14:21]} O-O {[%clk 0:14:44]} 13. Ng3 {[%clk 0:14:17]} Nb6
{[%clk 0:14:03]} 14. axb5 {[%clk 0:12:06]} axb5 {[%clk 0:14:07]} 15. Be3
{[%clk 0:12:10]} d5 {[%clk 0:13:48]} 16. e5 {[%clk 0:11:51]} Na4 {[%clk 0:12:53]}
17. Qd2 {[%clk 0:11:18]} Bc6 {[%clk 0:12:51]} 18. Bg5 {[%clk 0:10:42]} Bd7
{[%clk 0:11:02]} 19. Nh5 {[%clk 0:10:12]} f6 {[%clk 0:10:18]} 20. exf6
{[%clk 0:09:06]} gxf6 {[%clk 0:10:22]} 21. Bh6 {[%clk 0:08:43]} Rf7
{[%clk 0:10:17]} 22. Bxg6 {[%clk 0:08:40]} hxg6 {[%clk 0:10:10]} 23. Nf4
{[%clk 0:08:44]} g5 {[%clk 0:09:51]} 24. Nxe6 {[%clk 0:08:26]} Bxe6
{[%clk 0:09:49]} 25. Rxe6 {[%clk 0:08:29]} Rh7 {[%clk 0:09:53]} 26. Rae1 Ra7 27.
Nxg5 {[%clk 0:06:21]} fxg5 {[%clk 0:09:30]} 28. Qe2 {[%clk 0:06:05]} Qb8
{[%clk 0:05:24]} 29. Qh5 {[%clk 0:05:20]} Kh8 {[%clk 0:02:47]} 30. Rxe7
{[%clk 0:03:12]} Raxe7 {[%clk 0:02:37]} 31. Rxe7 {[%clk 0:03:15]} Rxe7
{[%clk 0:02:27]} 32. Bxg5+ {[%clk 0:03:18]} Kg8 {[%clk 0:02:21]} 33. Bxe7
{[%clk 0:03:21]} Qf4 {[%clk 0:02:22]} 34. Qg6+ {[%clk 0:03:22]} 1-0

[Event "Göteborg Open 2015"]
[Site "Biblioteksgatan 2, Mölnlycke, Sweden"]
[Date "2015.08.14"]
[Round "4.2"]
[White "Al-Hadarani, Hatim"]
[Black "Wiedenkeller, Michael"]
[Result "1-0"]
[BlackElo "2453"]
[WhiteElo "2254"]
[LiveChessVersion "1.4.6"]

1. d4 {[%clk 0:15:09]} Nf6 2. Bg5 Ne4 {[%clk 0:15:09]} 3. Bf4 {[%clk 0:15:14]} d5
{[%clk 0:15:09]} 4. Nd2 {[%clk 0:15:15]} Bf5 {[%clk 0:14:50]} 5. e3
{[%clk 0:15:07]} e6 {[%clk 0:14:43]} 6. Ngf3 {[%clk 0:13:46]} Bd6
{[%clk 0:13:46]} 7. Nxe4 {[%clk 0:12:54]} dxe4 {[%clk 0:13:24]} 8. Bxd6
{[%clk 0:12:37]} cxd6 {[%clk 0:12:39]} 9. Nd2 {[%clk 0:12:32]} O-O
{[%clk 0:12:10]} 10. c3 {[%clk 0:11:53]} Nc6 {[%clk 0:11:40]} 11. Be2
{[%clk 0:11:45]} Bg6 {[%clk 0:11:06]} 12. O-O {[%clk 0:11:38]} Qe7
{[%clk 0:11:03]} 13. f3 {[%clk 0:10:28]} exf3 {[%clk 0:11:06]} 14. Bxf3
{[%clk 0:10:28]} e5 {[%clk 0:11:00]} 15. d5 {[%clk 0:08:49]} Nb8 {[%clk 0:11:03]}
16. e4 {[%clk 0:08:48]} Nd7 {[%clk 0:10:51]} 17. Qe2 {[%clk 0:08:36]} a5
{[%clk 0:10:06]} 18. Qb5 {[%clk 0:07:58]} Rfc8 {[%clk 0:08:35]} 19. a4
{[%clk 0:07:06]} Rc5 {[%clk 0:08:07]} 20. Qe2 {[%clk 0:06:53]} Rc7
{[%clk 0:07:55]} 21. Nc4 {[%clk 0:06:11]} Nc5 {[%clk 0:07:55]} 22. Na3
{[%clk 0:05:50]} f5 {[%clk 0:06:24]} 23. Nb5 {[%clk 0:05:13]} fxe4
{[%clk 0:05:50]} 24. Bg4 {[%clk 0:05:01]} Rcc8 {[%clk 0:05:54]} 25. Bxc8
{[%clk 0:05:01]} Rxc8 {[%clk 0:05:59]} 26. Qg4 {[%clk 0:04:16]} Re8
{[%clk 0:06:03]} 27. h4 {[%clk 0:03:41]} e3 {[%clk 0:05:01]} 28. Rfe1
{[%clk 0:03:06]} Qd8 {[%clk 0:03:17]} 29. h5 {[%clk 0:01:39]} Bf7
{[%clk 0:03:21]} 30. c4 {[%clk 0:01:29]} Nd3 {[%clk 0:02:59]} 31. h6
{[%clk 0:00:51]} Bg6 {[%clk 0:02:57]} 32. Qg3 {[%clk 0:00:31]} Nxe1
{[%clk 0:02:41]} 33. Rxe1 {[%clk 0:00:35]} Rf8 {[%clk 0:02:16]} 34. hxg7
{[%clk 0:00:35]} Kxg7 {[%clk 0:02:15]} 35. Qxe3 {[%clk 0:00:37]} Qf6
{[%clk 0:02:19]} 36. Qe2 {[%clk 0:00:32]} Qg5 {[%clk 0:02:22]} 37. Nxd6
{[%clk 0:00:31]} Rf4 {[%clk 0:02:24]} 38. Qxe5+ {[%clk 0:00:24]} Qxe5 39. Rxe5 b6
{[%clk 0:02:20]} 40. Re7+ {[%clk 0:00:21]} Kf6 {[%clk 0:02:22]} 41. Rb7
{[%clk 0:00:24]} Ke5 {[%clk 0:02:25]} 42. Rxb6 {[%clk 0:00:26]} Bd3
{[%clk 0:02:25]} 43. b3 {[%clk 0:00:27]} h5 {[%clk 0:02:27]} 44. Nc8
{[%clk 0:00:25]} Bc2 {[%clk 0:02:30]} 45. Re6+ {[%clk 0:00:25]} Kd4
{[%clk 0:02:34]} 46. d6 {[%clk 0:00:29]} Rf8 {[%clk 0:02:37]} 47. d7 Rd8 48. Nb6
{[%clk 0:00:36]} Bf5 {[%clk 0:02:45]} 49. Rd6+ {[%clk 0:00:37]} Kc5
{[%clk 0:02:49]} 50. Rd5+ {[%clk 0:00:37]} Kxb6 {[%clk 0:02:53]} 51. Rxf5 Rxd7
{[%clk 0:03:07]} 52. Rb5+ {[%clk 0:00:47]} Ka6 53. Rxh5 {[%clk 0:00:47]} Rd3
{[%clk 0:03:07]} 54. Rb5 {[%clk 0:00:50]} Rg3 {[%clk 0:03:12]} 55. Kh2
{[%clk 0:00:54]} Rg8 {[%clk 0:03:16]} 56. g3 Rh8+ 57. Kg2 Rg8 58. Rf5
{[%clk 0:01:03]} Rb8 {[%clk 0:03:30]} 59. Rb5 {[%clk 0:01:07]} Rg8
{[%clk 0:03:34]} 60. Kf3 {[%clk 0:01:09]} Rf8+ {[%clk 0:03:39]} 61. Ke4
{[%clk 0:01:12]} Rg8 {[%clk 0:03:43]} 62. Kf4 Rf8+ 63. Rf5 {[%clk 0:01:19]} Rg8
{[%clk 0:03:52]} 64. g4 {[%clk 0:01:23]} Rb8 {[%clk 0:03:57]} 65. Rb5
{[%clk 0:01:23]} Rf8+ {[%clk 0:04:01]} 66. Kg3 {[%clk 0:01:26]} Rg8
{[%clk 0:04:06]} 67. g5 {[%clk 0:01:30]} Rd8 {[%clk 0:04:07]} 68. Kg4
{[%clk 0:01:34]} Rd1 {[%clk 0:04:09]} 69. g6 {[%clk 0:01:35]} Re1
{[%clk 0:04:12]} 70. Kf5 {[%clk 0:01:39]} Rf1+ {[%clk 0:04:16]} 71. Ke6
{[%clk 0:01:43]} Rg1 {[%clk 0:04:20]} 72. Kf7 {[%clk 0:01:47]} Rf1+
{[%clk 0:04:24]} 73. Kg8 {[%clk 0:01:51]} Rf4 1-0

[Event "Göteborg Open 2015"]
[Site "Biblioteksgatan 2, Mölnlycke, Sweden"]
[Date "2015.08.14"]
[Round "4.4"]
[White "Rozentalis, Eduardas"]
[Black "Byklum, Björnar"]
[Result "1-0"]
[BlackElo "2283"]
[WhiteElo "2528"]
[LiveChessVersion "1.4.6"]

1. e4 {[%clk 0:15:08]} d6 {[%clk 0:15:07]} 2. d4 {[%clk 0:15:10]} Nf6
{[%clk 0:15:10]} 3. Nc3 {[%clk 0:15:14]} e5 {[%clk 0:15:14]} 4. dxe5
{[%clk 0:14:54]} dxe5 {[%clk 0:15:17]} 5. Qxd8+ {[%clk 0:14:57]} Kxd8
{[%clk 0:15:21]} 6. Bc4 {[%clk 0:14:46]} Ke8 {[%clk 0:15:23]} 7. a3
{[%clk 0:14:38]} Bd6 {[%clk 0:14:25]} 8. f3 {[%clk 0:14:22]} c6 {[%clk 0:14:12]}
9. Be3 {[%clk 0:14:17]} Nbd7 {[%clk 0:13:04]} 10. O-O-O {[%clk 0:14:14]} Bc5
{[%clk 0:12:52]} 11. Bxc5 {[%clk 0:13:38]} Nxc5 {[%clk 0:12:55]} 12. b4
{[%clk 0:13:41]} Ne6 {[%clk 0:08:19]} 13. Nge2 {[%clk 0:13:39]} Ke7
{[%clk 0:08:12]} 14. Kb2 {[%clk 0:13:13]} Bd7 {[%clk 0:07:47]} 15. g3
{[%clk 0:12:01]} Rad8 {[%clk 0:07:04]} 16. a4 {[%clk 0:10:34]} Bc8
{[%clk 0:06:08]} 17. a5 {[%clk 0:10:26]} h5 18. h4 {[%clk 0:10:00]} Rxd1
{[%clk 0:05:02]} 19. Rxd1 {[%clk 0:09:28]} Rd8 {[%clk 0:04:20]} 20. Rxd8
{[%clk 0:09:28]} Nxd8 {[%clk 0:03:59]} 21. Nd1 {[%clk 0:09:15]} Ne8
{[%clk 0:03:29]} 22. Ne3 {[%clk 0:08:39]} Nd6 {[%clk 0:03:29]} 23. Bd3
{[%clk 0:08:26]} g6 {[%clk 0:02:48]} 24. c4 {[%clk 0:07:29]} b6 {[%clk 0:02:31]}
25. axb6 {[%clk 0:07:28]} axb6 {[%clk 0:02:35]} 26. Kc3 {[%clk 0:07:09]} Be6
{[%clk 0:02:28]} 27. c5 {[%clk 0:06:32]} Nc8 {[%clk 0:01:58]} 28. f4
{[%clk 0:05:45]} exf4 {[%clk 0:01:39]} 29. gxf4 {[%clk 0:05:41]} bxc5
{[%clk 0:00:48]} 30. bxc5 {[%clk 0:05:45]} Bh3 {[%clk 0:00:48]} 31. Nd4
{[%clk 0:05:32]} Kd7 {[%clk 0:00:38]} 32. Nc4 {[%clk 0:04:51]} Ne7
{[%clk 0:00:31]} 33. Ne5+ {[%clk 0:04:26]} Ke8 {[%clk 0:00:35]} 34. Bc4
{[%clk 0:03:51]} Bg2 {[%clk 0:00:33]} 35. Nef3 {[%clk 0:03:41]} Kd7
{[%clk 0:00:31]} 36. Bb3 {[%clk 0:02:39]} f6 {[%clk 0:00:32]} 37. e5
{[%clk 0:02:28]} fxe5 {[%clk 0:00:23]} 38. Nxe5+ {[%clk 0:02:30]} Ke8
{[%clk 0:00:27]} 39. Kb4 {[%clk 0:02:10]} Be4 {[%clk 0:00:28]} 40. Ka5
{[%clk 0:02:09]} Bd5 {[%clk 0:00:08]} 41. Bc2 {[%clk 0:02:11]} Nf5
{[%clk 0:00:06]} 42. Nxf5 {[%clk 0:01:58]} gxf5 {[%clk 0:00:09]} 43. Bxf5
{[%clk 0:02:00]} Ke7 {[%clk 0:00:09]} 44. Kb6 {[%clk 0:02:00]} Kf6
{[%clk 0:00:11]} 45. Bd7 {[%clk 0:01:50]} Ne6 {[%clk 0:00:07]} 46. Bxe6
{[%clk 0:01:48]} Kxe6 {[%clk 0:00:10]} 47. Nxc6 {[%clk 0:01:47]} 1-0